| 000 | 01586nam a2200361 c 4500 | ||
|---|---|---|---|
| 003 | BLK | ||
| 005 | 20250221100718.0 | ||
| 008 | 180411b bul|||||r ||||||| ||bul|| | ||
| 010 | _aKNG00214713000 | ||
| 020 |
_a978-954-682-067-9 _bиздат.: Оборище |
||
| 040 | _aBLK | ||
| 041 |
_aBUL _cBUL |
||
| 072 | 7 |
_2bullib _aН92 _xИстория Н |
|
| 080 |
_aОтделни родове. Фамилии. История на родовете _b929.52 _x(497.2) Хаджипееви _z929.52(497.2) Хаджипееви |
||
| 100 |
_aПеев, Теодор Стефанов _d1955 - _gКраевед. Родоизследовател. Богослов. Художник-реставратор _9274296 |
||
| 139 |
_aПеев, Теодор Стефанов _bП 32 |
||
| 245 | 1 | 0 |
_aРодът Хаджипееви - от Панагюрище до Асеновград _cТеодор Стефанов Пеев. |
| 257 | _aBGR | ||
| 260 |
_аПанагюрище _bОборище _c2017 |
||
| 300 |
_a159 с. _bс ил., портр., факс. _c20 см |
||
| 380 | _a9 | ||
| 500 | _aБиогр. данни за авт. отбелязани на гърба на кор. - Библиогр. с. 153-156. | ||
| 650 | 0 |
_aРодове, български _9242498 |
|
| 651 | 4 |
_aБългария _9241624 |
|
| 653 | _aбългарски родове | ||
| 659 | _aН | ||
| 852 | _aЦб 288417 | ||
| 856 | 4 |
_qpdf _u |
|
| 856 | 4 |
_qpdf _u |
|
| 942 |
_cKNG _n0 _02 |
||
| 944 |
_aCR _c28.11.2017 _lЦветелина Шанова _k30531 |
||
| 944 |
_aED _c02.02.2018 _lф / _kЛюдмила_Стоянова |
||
| 999 |
_c205112 _d205112 |
||